00572nam a2200157 a 450000100100000000500170001000800410002702000150006804000250008308200150010810000300012324501020015326000790025530000200033450000600035400002225220250129172122.0100921s2006 dr 000 0 spa d a9945160273 aDO-SdBNPbspacBNPHU axxxbA277a1 aAgramonte, Carlos,d1954-13aLa Altagracia :bla historia de la virgen que trajo los colores de la patria /cCarlos Agramonte. aSanto Domingo :bFundacion Eductiva y Cultural Santo Domingo, INC.,c2006. a39 p. ;c23 cm. aIncluye datos biográficos del autor en la página 40